Practical electron microscopy
שמור ב:
| מחבר ראשי: | |
|---|---|
| פורמט: | ספר |
| שפה: | אנגלית |
| יצא לאור: |
Nueva York
Academic Press
1951
|
| נושאים: | |
| תגים: |
הוספת תג
אין תגיות, היה/י הראשונ/ה לתייג את הרשומה!
|
MARC
| LEADER | 00000nam a2200000 a 4500 | ||
|---|---|---|---|
| 001 | UCY0486 | ||
| 003 | CL-VaPUC | ||
| 008 | 940803e19510000US |||||||||||||||||eng|d | ||
| 082 | 0 | 4 | |a 502.285 |b COS |2 21 |
| 100 | 0 | |a Cosslett, V. E |e author |9 328222 | |
| 245 | 1 | 0 | |a Practical electron microscopy |
| 300 | |a 299 p | ||
| 942 | |c BK | ||
| 945 | |d 19940803 00:00:00 |a mfernand | ||
| 260 | |a Nueva York |b Academic Press |c 1951 | ||
| 650 | 7 | |a MICROSCOPIA ELECTRONICA |2 CL-VaPUC |9 259557 | |
| 583 | |a last modification |c 19940803 00:00:00 |k Rodrigo Vera | ||
| 999 | |c 229478 |d 229476 | ||
| 952 | |0 0 |1 0 |4 0 |6 502_285000000000000_COS_1951 |7 0 |8 A |9 230669 |a BIBALI |b BIBALI |c GEN |d 2019-11-15 |i 2999110 |o 502.285 COS 1951 |p 2999110 |r 2025-01-20 |w 2019-11-15 |y BK |k ALI | ||